Catálogo

Virtudes y fama de santidad de Juan Diego siglos XVI al XX / (Registro nro. 40184)

Detalles MARC
000 -LEADER
fixed length control field 01086cam a2200301 i 4500
001 - CONTROL NUMBER
control field 40184
003 - CONTROL NUMBER IDENTIFIER
control field Mx-PuUPA
005 - DATE AND TIME OF LATEST TRANSACTION
control field 20230607091016.0
008 - FIXED-LENGTH DATA ELEMENTS--GENERAL INFORMATION
fixed length control field 140415s1984 mx gr 000 0 spa d
040 ## - CATALOGING SOURCE
Original cataloging agency Mx-PuUPA
Language of cataloging spa
Transcribing agency Mx-PuUPA
Modifying agency Mx-PuUPA
Description conventions rda
041 0# - LANGUAGE CODE
Language code of text/sound track or separate title spa
100 1# - MAIN ENTRY--PERSONAL NAME
Personal name Rangel Camacho, Manuel
Relator term autor
9 (RLIN) 14212
245 10 - TITLE STATEMENT
Title Virtudes y fama de santidad de Juan Diego siglos XVI al XX /
Statement of responsibility, etc. Manuel Rangel Camacho
250 ## - EDITION STATEMENT
Edition statement Primera edición
264 #1 - PRODUCTION, PUBLICATION, DISTRIBUTION, MANUFACTURE, AND COPYRIGHT NOTICE
Place of production, publication, distribution, manufacture México, D. F. :
Name of producer, publisher, distributor, manufacturer Editorial JUS,
Date of production, publication, distribution, manufacture, or copyright notice 1984
300 ## - PHYSICAL DESCRIPTION
Extent 271 páginas :
Other physical details ilustraciones ;
Dimensions 21 cm
336 ## - CONTENT TYPE
Fuente rdacontent
Content type term texto
Content type code txt
337 ## - MEDIA TYPE
Source rdamedia
Media type term sin medio
Media type code n
338 ## - CARRIER TYPE
Source rdacarrier
Carrier type term volumen
Carrier type code nc
490 0# - SERIES STATEMENT
Series statement Juan Diego ;
Volume/sequential designation 1
600 14 - SUBJECT ADDED ENTRY--PERSONAL NAME
Personal name Diego, Juan
Dates associated with a name 1474-1548
General subdivision Apariciones
600 04 - SUBJECT ADDED ENTRY--PERSONAL NAME
Personal name Nuestra Señora de Guadalupe
General subdivision Historia
Form subdivision Fuentes
600 04 - SUBJECT ADDED ENTRY--PERSONAL NAME
Personal name María, Santisima Virgen Santa
General subdivision Apariciones y milagros
942 ## - ADDED ENTRY ELEMENTS (KOHA)
Source of classification or shelving scheme Dewey Decimal Classification
Koha item type Libro
Classification part 232.917
Item part R185
Existencias
Withdrawn status Lost status Source of classification or shelving scheme Damaged status Not for loan Collection code Home library Current library Shelving location Date acquired Source of acquisition Total Checkouts Full call number Barcode Price effective from Koha item type
    Dewey Decimal Classification     General Biblioteca Karol Wojtyla Biblioteca Karol Wojtyla Sala general 03/12/2013 Compra   232.917 R185 1984 63911 03/12/2013 Libro